When I go to the shops. (Record no. 111556)
[ view plain ]
| 000 -LEADER | |
|---|---|
| fixed length control field | 00332nam a2200133 a 4500 |
| 005 - DATE AND TIME OF LATEST TRANSACTION | |
| control field | 20140414131917.0 |
| 008 - FIXED-LENGTH DATA ELEMENTS--GENERAL INFORMATION | |
| fixed length control field | 101020s19uu xx 00 eng d |
| 050 ## - LIBRARY OF CONGRESS CALL NUMBER | |
| Classification number | ER |
| Item number | W56 2007 |
| 245 ## - TITLE STATEMENT | |
| Title | When I go to the shops. |
| 260 ## - PUBLICATION, DISTRIBUTION, ETC. (IMPRINT) | |
| Name of publisher, distributor, etc | Peter Haddock, |
| Date of publication, distribution, etc | 2007. |
| Place of publication, distribution, etc | London : |
| 440 ## - SERIES STATEMENT/ADDED ENTRY--TITLE | |
| Title | Things to learn |
| Withdrawn status | Lost status | Damaged status | Home library | Current library | Shelving location | Date acquired | Source of acquisition | Total Checkouts | Full call number | Barcode | Date last seen | Price effective from | Koha item type |
|---|---|---|---|---|---|---|---|---|---|---|---|---|---|
| Munich Library | Munich Library | Easy Reading Section | 10/20/2010 | ER W56 2007 | M2340 | 04/14/2014 | 04/14/2014 | Books | |||||
| Munich Library | Munich Library | Easy Reading Section | 10/27/2010 | ER W56 2007 | M3184 | 04/14/2014 | 04/14/2014 | Books |